书目信息 |
| 题名: |
物理化学
|
|
| 作者: | 马青兰 主编 | |
| 分册: | ||
| 出版信息: | 江苏徐州 中国矿业大学出版社 2002.01 |
|
| 页数: | 357页 | |
| 开本: | 22cm | |
| 丛书名: | ||
| 单 册: | ||
| 中图分类: | O64-43 | |
| 科图分类: | ||
| 主题词: | 物理化学 , 量子化学 | |
| 电子资源: | ||
| ISBN: | 7-81070-473-7 | |
| 000 | 00569nam0 2200205 45 | |
| 001 | 0333213106 | |
| 005 | 2003032509133229 | |
| 010 | @a7-81070-473-7@d27.50CNY | |
| 100 | @a20030325d2002 km y0chiy0120 ea | |
| 101 | 0 | @achi |
| 200 | 1 | @a物理化学@Awu li hua xue@f马青兰主编@FMa Qing Lan Zhu Bian |
| 210 | @a江苏徐州@c中国矿业大学出版社@d2002.01 | |
| 215 | @a357页@d22cm | |
| 300 | @a高等学校"十五"规划教材 | |
| 606 | 0 | @a物理化学 |
| 606 | 0 | @a量子化学 |
| 690 | @aO64-43@v3 | |
| 701 | 0 | @a马青兰@AMa Qing Lan@4主编 |
| 801 | 0 | @aCN@bPFT@c20030325 |
| 905 | @a@dO64-43@eM134 | |
| 物理化学/马青兰主编.-江苏徐州:中国矿业大学出版社,2002.01 |
| 357页;22cm |
| 高等学校"十五"规划教材 |
| ISBN 7-81070-473-7:27.50CNY |
| ● |
| 相关链接 |
|
|
|
正题名:物理化学
索取号:O64-43/M134
 
预约/预借
| 序号 | 登录号 | 条形码 | 馆藏地/架位号 | 状态 | 备注 |
| 1 | 370996 | 203709969 | 自科库401/401自科库 64排2列5层/ [索取号:O64-43/M134] | 在馆 | |
| 2 | 370997 | 203709978 | 自科库401/401自科库 64排2列5层/ [索取号:O64-43/M134] | 在馆 |